The soul winner. (Record no. 10999)

000 -LEADER
fixed length control field 00583nam a2200181 a 4500
001 - CONTROL NUMBER
control field :::00008792$&:&@@
003 - CONTROL NUMBER IDENTIFIER
control field OkBaRHE
005 - DATE AND TIME OF LATEST TRANSACTION
control field 20000607103346.0
008 - FIXED-LENGTH DATA ELEMENTS--GENERAL INFORMATION
fixed length control field s1987 j 000 0 eng u
040 ## - CATALOGING SOURCE
Transcribing agency
100 1# - MAIN ENTRY--PERSONAL NAME
Personal name Spurgeon, C. H. (Charles Haddon).
245 14 - TITLE STATEMENT
Title The soul winner.
Statement of responsibility, etc Forward by Helmut Thielicke.
260 ## - PUBLICATION, DISTRIBUTION, ETC. (IMPRINT)
Place of publication, distribution, etc Grand Rapids, MI., :
Name of publisher, distributor, etc William B. Eerdmans Publishing Co.
Date of publication, distribution, etc 1987
300 ## - PHYSICAL DESCRIPTION
Extent 319 p. ;
Dimensions 18 cm.
650 ## - SUBJECT ADDED ENTRY--TOPICAL TERM
Topical term or geographic name as entry element Evangelism
942 ## - ADDED ENTRY ELEMENTS (KOHA)
Source of classification or shelving scheme
Koha item type Books
Copies
Date acquired Copy number Source of classification or shelving scheme Shelving location Permanent Location Full call number Barcode Damaged status Koha item type Lost status Price effective from Withdrawn status Date last seen Not for loan
2010-04-141 General StacksRHEMA Bible Training CollegeBV 3795 .S68792 Books 2010-04-14 2010-04-14